Metody stastystyczne, ekonometryczne i programowania matematycznego Materialy z 22. Konferencji Ekonometryków, Statystyków i Matematyków. Ustron-Jaszowiec, 16-19 kwietnia 1986

Salvato in:
Dettagli Bibliografici
Natura: Libro
Lingua:polacco
Pubblicazione: Katowice Akademia Ekon. im. Karola Adamieckiego 1988
Edizione:1. wyd.
Tags: Aggiungi Tag
Nessun Tag, puoi essere il primo ad aggiungerne!!

MARC

LEADER 00000nam a2200000 4500
001 c038554
005 20221219123426.1
041 0 |a pol 
044 |a PL 
245 1 0 |a Metody stastystyczne, ekonometryczne i programowania matematycznego  |b Materialy z 22. Konferencji Ekonometryków, Statystyków i Matematyków. Ustron-Jaszowiec, 16-19 kwietnia 1986 
250 |a 1. wyd. 
264 1 |a Katowice  |b Akademia Ekon. im. Karola Adamieckiego  |c 1988 
300 |a 235 s.